Statistics for Military Operations of WW2

Click here to take the quiz!

General Stats

  • This quiz has been taken 28 times
  • The average score is 5 of 14

Answer Stats

HintAnswer% Correct
The naval invasion of five beachheads in Normandy, carried out by American, British, and Canadian forces on D-Day. It was the largest naval invasion in military history.Operation Overlord
84%
The proposed German plan for a Naval invasion of the British Isles that was scrapped when the Luftwaffe failed to achieve air superiority over the channel.Operation Sealion
64%
An allied airborne campaign with the goal to gain a viable bridgehead over the Rhine river - a goal which it ultimately failed to achieve.Operation Market Garden
60%
The allied invasion of French North Africa. It was carried out as a way for green American soldiers to face the Germans in combat on a limited scale.Operation Torch
52%
The German invasion of the Soviet Union, named after a Holy Roman Emperor.Operation Barbarosa
40%
The Soviet plans for a massive counteroffensive in Byelorussia in order to capitalize on the Western Allies' successful D-Day Landings.Operation Bagration
32%
A coup attempt carried by German dissenters following the failed 20 July plot to assassinate Adolf Hitler. Erwin Rommel was notably implicated in this plot and forced to commit suicide as a result. A 2008 film was made about this operation starring Tom Cruise.Operation Valkyrie
32%
A British intelligence plot to sow misinformation to the Italians about a supposed naval invasion of Greece and Sardinia in order to disguise the real invasion planned for Sicily.Operation Mincemeat
28%
An American secret operation to evacuate notable German scientists from the collapsing Nazi regime in order to employ them in American scientific programs, including known and complicit war criminals and Nazi party members.Operation Paperclip
28%
A proposed but ultimately scrapped German plan to invade Switzerland.Operation Tannenbaum
24%
The naval evacuation of nearly 350,000 allied soldiers from Dunkirk after they had been cut off by land in the initial Battle of France.Operation Dynamo
20%
The allied plans for a massive naval invasion of the Japanese home islands. Had it been carried out, it would have significantly dwarfed the Normandy landings in scale. Over half a million purple heart medals were minted for the expected casualties that would have resulted from the operation, which are still being used today by the United States armed forces.Operation Downfall
16%
A Japanese land operation against China, carried out in the latter stages of the war. The goal was to connect an overland supply line from Japanese controlled Indochina to the Chinese mainland, as well as to capture southern Chinese airfields from which American bombers were launching tactical bombing runs.Operation Ichi-Go
12%
The successful German invasion of Denmark and NorwayOperation Weserübung
12%

Score Distribution

Percentile by Number Answered

Percent of People with Each Score

Your Score History

You have not taken this quiz